<?xml version="1.0" encoding="UTF-8"?><?xml-stylesheet type="text/xsl" href="static/style.xsl"?><OAI-PMH xmlns="http://www.openarchives.org/OAI/2.0/" xmlns:xsi="http://www.w3.org/2001/XMLSchema-instance" xsi:schemaLocation="http://www.openarchives.org/OAI/2.0/ http://www.openarchives.org/OAI/2.0/OAI-PMH.xsd"><responseDate>2026-04-17T04:26:25Z</responseDate><request verb="GetRecord" identifier="oai:www.recercat.cat:10256/18211" metadataPrefix="marc">https://recercat.cat/oai/request</request><GetRecord><record><header><identifier>oai:recercat.cat:10256/18211</identifier><datestamp>2024-06-18T12:18:00Z</datestamp><setSpec>com_2072_452955</setSpec><setSpec>com_2072_2054</setSpec><setSpec>col_2072_453069</setSpec></header><metadata><record xmlns="http://www.loc.gov/MARC21/slim" xmlns:dcterms="http://purl.org/dc/terms/" xmlns:xsi="http://www.w3.org/2001/XMLSchema-instance" xmlns:doc="http://www.lyncode.com/xoai" xsi:schemaLocation="http://www.loc.gov/MARC21/slim http://www.loc.gov/standards/marcxml/schema/MARC21slim.xsd">
   <leader>00925njm 22002777a 4500</leader>
   <datafield ind2=" " ind1=" " tag="042">
      <subfield code="a">dc</subfield>
   </datafield>
   <datafield ind2=" " ind1=" " tag="720">
      <subfield code="a">Graffelman, Jan</subfield>
      <subfield code="e">author</subfield>
   </datafield>
   <datafield ind2=" " ind1=" " tag="720">
      <subfield code="a">Galván Femenía, Iván</subfield>
      <subfield code="e">author</subfield>
   </datafield>
   <datafield ind2=" " ind1=" " tag="720">
      <subfield code="a">Cid, Rafael de</subfield>
      <subfield code="e">author</subfield>
   </datafield>
   <datafield ind2=" " ind1=" " tag="720">
      <subfield code="a">Barceló i Vidal, Carles</subfield>
      <subfield code="e">author</subfield>
   </datafield>
   <datafield ind2=" " ind1=" " tag="260">
      <subfield code="c">2019-04-24</subfield>
   </datafield>
   <datafield ind2=" " ind1=" " tag="520">
      <subfield code="a">The detection of cryptic relatedness in large population-based cohorts is of great importance in genome research. The usual approach for detecting closely related individuals is to plot allele sharing statistics, based on identity-by-state or identity-by-descent, in a two-dimensional scatterplot. This approach ignores that allele sharing data across individuals has in reality a higher dimensionality, and neither regards the compositional nature of the underlying counts of shared genotypes. In this paper we develop biplot methodology based on log-ratio principal component analysis that overcomes these restrictions. This leads to entirely new graphics that are essentially useful for exploring relatedness in genetic databases from homogeneous populations. The proposed method can be applied in an iterative manner, acting as a looking glass for more remote relationships that are harder to classify. Datasets from the 1,000 Genomes Project and the Genomes For Life-GCAT Project are used to illustrate the proposed method. The discriminatory power of the log-ratio biplot approach is compared with the classical plots in a simulation study. In a non-inbred homogeneous population the classification rate of the log-ratio principal component approach outperforms the classical graphics across the whole allele frequency spectrum, using only identity by state. In these circumstances, simulations show that with 35,000 independent bi-allelic variants, log-ratio principal component analysis, combined with discriminant analysis, can correctly classify relationships up to and including the fourth degree</subfield>
   </datafield>
   <datafield ind1="8" ind2=" " tag="024">
      <subfield code="a">http://hdl.handle.net/10256/18211</subfield>
   </datafield>
   <datafield tag="653" ind2=" " ind1=" ">
      <subfield code="a">Estadística -- Mètodes gràfics</subfield>
   </datafield>
   <datafield tag="653" ind2=" " ind1=" ">
      <subfield code="a">Statistics -- Graphic methods</subfield>
   </datafield>
   <datafield tag="653" ind2=" " ind1=" ">
      <subfield code="a">Anàlisi multivariable</subfield>
   </datafield>
   <datafield tag="653" ind2=" " ind1=" ">
      <subfield code="a">Multivariate analysis</subfield>
   </datafield>
   <datafield ind2="0" ind1="0" tag="245">
      <subfield code="a">A Log-Ratio Biplot Approach for Exploring Genetic Relatedness Based on Identity by State</subfield>
   </datafield>
</record></metadata></record></GetRecord></OAI-PMH>